000 00807nam a22002897a 4500
001 0024388
003 KOHA_MİRAKIL
005 20260207002438.0
007 ta
008 101112b2009 tu |||gr||||#||||1|tur |
020 _a9789754712261
_c23,77
040 _aTR-BiSEU
_btur
_cTR-BiSEU
_erda
041 0 _atur
044 _ctu
050 _aPC4111
_b.I87 2009
245 0 _aİspanyolca Dilbilgisi.
264 1 _aİstanbul :
_bFono Yayınları
_c2009
300 _a377 sayfa; 21 cm.
336 _ametin
_btxt
_2rdacontent
337 _aaracısız
_bn
_2rdamedia
338 _acilt
_bnc
_2rdacarrier
490 1 _aFono yayınları ;
_v298
650 0 _aİspanyol dili--Dilbilgisi.
_949802
650 0 _aSpanish language--Grammar.
_949803
830 1 _aFono yayınları ;
_v298
_91580
942 _2lcc
_cBK
999 _c24340
_d24340